| 000 | 00773nam a22002177a 4500 | ||
|---|---|---|---|
| 999 |
_c19725 _d19725 |
||
| 003 | AR-CdUCM | ||
| 008 | 190521b ||||| |||| 00| 0 spa d | ||
| 040 |
_aMUNICIPALIDAD PROVINCIAL DEL CUSCO _cBIBLIOTECA MUNICIPAL DEL CUSCO |
||
| 082 |
_a329.1 / _bAL398 |
||
| 100 |
_aAliaga I., Aníbal _940263 |
||
| 245 |
_aHaya de la Torre : _bObras completas / |
||
| 260 |
_aLima : _bEditora siglo XXI, _c1982. |
||
| 300 |
_a190 páginas ; _bFotografías, _c21 cm. |
||
| 505 | _aContenido: Por la emancipación de américa latina -- Prologo -- Una carta de Romain Rolland... | ||
| 650 |
_aPerú _935 |
||
| 650 |
_aAmérica Latina _91130 |
||
| 650 |
_aHaya _939090 |
||
| 700 |
_aMasías de Aliaga, Graciela (corrección) _941260 |
||
| 942 |
_2ddc _cLIBROS |
||
| 945 |
_adavv _d2019-05-21 |
||